Tokio - quiz wielokrotnego wyboru - Statystyki

Ogólne statystyki
  • Ten quiz został rozwiązany 643 razy
    641 od ostatniego zresetowania
  • Średni wynik to 5 z 10
Statystyki odpowiedzi
Zagadnienie Odpowiedź % Poprawnych
Jak nazywa się region, w którym znajduje się Tokio? Kanto
72%
Ile razy Tokio gościło Igrzyska Olimpijskie? 2
70%
Jaka jest dawna nazwa dla Tokio? Edo
68%
Na jakiej wyspie znajduje się Tokio? Honsiu
66%
Zdjęcia do którego z tych filmów NIE kręcono w Tokio? Parasite
53%
Co zabiło więcej niż 100 tys. ludzi w Tokio i okolicznych regionach w 1923 r? Trzęsienie ziemi
50%
W którym roku bańka spekulacyjna na rynku nieruchomości w Tokio osiągnęła szczyt? 1989
48%
Jaka jest najwyższa struktura stworzona przez człowieka w Tokio? Tokyo Skytree
38%
Jakie miasto leżące nad Zatoką Tokijską jest drugim największym miastem w Japonii? Jokohama
31%
Jaka jest nazwa dla zarówno czekolady, jak i cesarza japońskiego, który przeniósł stolicę tego kraju do Tokio? Meiji
30%
Nie znaleziono quizów pasujących do podanych kryteriów
Rozkład punktacji
Procent ludzi z każdym wynikiem
Percentyl według liczby udzielonych odpowiedzi
Twoja historia wyników
Nie rozwiązałeś tego quizu od ostatniego zresetowania